| 000 | 00802nam a2200169 a 4500 | ||
|---|---|---|---|
| 001 | 000044153 | ||
| 005 | 20201002045200.0 | ||
| 008 | 140602s2004 dr a 000 0 spa d | ||
| 040 |
_aDO-SdBNP _bspa _cBNPHU |
||
| 041 | 1 | 7 |
_aspa _heng |
| 245 | 0 | 0 |
_aInterculturalidad iguales en dignidad construyamos la comunidad = _bEntékiltiralite Egal Nan diyite, nap konstwi kominote ya ; cuaderno de actividades para niños y niñas = keye aktivite pou tifi ak ti gason /. / _cLissete Núñez Valdez. |
| 246 | 1 | 3 | _aEntékiltiralite egal nan diyite, nap konstwi kominote ya |
| 246 | 1 | 3 | _acuaderno de actividades para niños y niñas = keye aktivite pou tifi ak ti gason / |
| 260 |
_aSanto Domingo : _bCentro Bonó, _c19. |
||
| 300 |
_a35 p. ; _c27 cm. |
||
| 710 | 2 |
_aServicio Jesuita A Refugiados/as y Migrantes _972167 |
|
| 999 |
_c43642 _d43642 |
||